00400nam a2200109 4500008004100000100002200041245008900063260003400152300003500186650003500221773003400256190916b ||||| |||| 00| 0 eng d aShahare, Mahendra aThe fight against mosquitoes: technoscientific vision of advanced biological control bEconomic and Political Weekly a54(34), 24 Aug, 2019: p.57-63. aPublic health - Policy - India aEconomic and Political Weekly